| 000 | 00448nam a2200181Ia 4500 | ||
|---|---|---|---|
| 005 | 20250106055727.0 | ||
| 008 | 240331s9999 xx 000 0 und d | ||
| 020 | _a8122001629 | ||
| 082 |
_bKUP _21376 _a305.23 |
||
| 100 | _aKuppuswamy, P | ||
| 245 | 0 |
_aChild Behavior and Development _bA Textbook of: |
|
| 250 | _a3rd | ||
| 260 |
_aDelhi _bKonark Publishers _c1990 |
||
| 300 | _axii, 288 p., | ||
| 650 | _aChild | ||
| 650 | _aGrowth | ||
| 942 | _cL | ||
| 999 |
_c1534 _d1534 |
||